header

Imagining Vietnam and America (Record no. 174930)

MARC details
000 -LEADER
fixed length control field 01563nam a22003614a 4500
082 04 - DEWEY DECIMAL CLASSIFICATION NUMBER
Classification number 959.7/03
100 1# - MAIN ENTRY--AUTHOR NAME
Personal name Bradley, Mark,
245 10 - TITLE STATEMENT
Title Imagining Vietnam and America
260 ## - PUBLICATION, DISTRIBUTION, ETC. (IMPRINT)
Place of publication Chapel Hill :
Name of publisher University of North Carolina Press,
Year of publication c2000.
300 ## - PHYSICAL DESCRIPTION
Number of Pages xiv, 304 p. :
Other physical details map.
490 1# - SERIES STATEMENT
Series statement The new Cold War history
856 40 - ELECTRONIC LOCATION AND ACCESS
Uniform Resource Identifier http://site.ebrary.com/lib/rucke/Doc?id=10041245

No items available.

© 2026 Rongo University
Contact us: librarian | system librarian | Rongo university